000 01255nam0a22002651 4500
001 rc\3164192
005 20260406211356.0
021 _aRU
_bРг14178-76
021 _aRU
_b76-69306
035 _a(NLR Aleph) 007304266
090 _a5742807
_c5742807
100 _a20120615d1976 |||y0rusy50 ca
101 0 _arus
102 _aRU
105 _ay z |||||
200 1 _aОрганизация комплексной автоматизированной системы сбора, накопления и обновления норм и нормативов (КАСН) в угольной промышленности СССР
_eРабочий проект (1-я очередь)
_eУтв. 10/XII 1975 г.
_fМ-во угольной пром-сти СССР. Упр. вычисл. техники и организац. структур. ВНИИ упр. угольной пром-сти. ВНИИУголь
210 _aИльинское
_cБ. и.
_d1976
215 _a297 с.
_d22
320 _aБиблиогр.: с. 296-297
712 0 2 _aВНИИ упр. угольной промышленности
_3RU\NLR\AUTH\889968481
_9433367
801 0 _aRU
_bNLR
_gpsbo
801 1 _aRU
_bELAR
_2rusmarc
852 _aNLR
_j76-5/4385
942 _cBOOK
980 _aNB